[Event "Tehran Universities-ch (Women)"]
[Site "Tehran"]
[Date "2020.12.01"]
[Round "7"]
[White "Banisaeed, Fatemeh"]
[Black "Salehimanesh, Ayda"]
[Result "0-1"]
[WhiteElo "1590"]
[BlackElo "1529"]
[PlyCount "132"]
[EventDate "2020.11.30"]
[EventType "swiss (rapid)"]
[EventRounds "7"]
[EventCountry "IRI"]
[SourceTitle "CBM 199 Extra"]
[Source "ChessBase"]
[SourceDate "2021.01.31"]
[SourceVersion "1"]
[SourceVersionDate "2021.01.31"]
[SourceQuality "1"]

1. e4 c5 2. Nc3 d6 3. g3 Nf6 4. Bg2 g6 5. d3 Bg7 6. Nge2 Nc6 7. 0-0 0-0 8. h3 a6 9. f4 e6 10. g4 h6 11. Ng3 Qc7 12. Qe1 b5 13. g5 hxg5 14. fxg5 Nd7 15. h4 Bb7 16. h5 Nde5 17. h6 Bh8 18. Rf4 Nd4 19. Qf2 Rad8 20. Be3 d5 21. Rh4 Kh7 22. Kh1 b4 23. Na4 f6 24. Rf4 Qe7 25. Rf1 Nd7 26. gxf6 Bxf6 27. c3 bxc3 28. Nxc3 Bg5 29. Rxf8 Rxf8 30. Bxg5 Qxg5 31. Qe1 Rxf1+ 32. Bxf1 Qxh6+ 33. Kg2 dxe4 34. dxe4 e5 35. Qf2 Qf4 36. Qxf4 exf4 37. Nge2 Nxe2 38. Bxe2 Nf6 39. Kf3 g5 40. Bc4 Kg6 41. Be6 Ne8 42. Na4 Nc7 43. Nxc5 Nxe6 44. Nxb7 Kf6 45. Na5 Nd4+ 46. Kf2 Ke5 47. Nc4+ Kxe4 48. Nd2+ Kd3 49. Nf3 Nxf3 50. Kxf3 Kc2 51. b4 Kc3 52. a3 Kb3 53. b5 axb5 54. Kg4 Kxa3 55. Kf3 b4 56. Ke2 b3 57. Kd2 b2 58. Kc2 Ka2 59. Kd2 b1Q 60. Ke2 Qb3 61. Kf2 Qd3 62. Kg2 Qe3 63. Kh2 Qf3 64. Kg1 Qe2 65. Kh1 f3 66. Kg1 f2+ 0-1

[Event "Tehran Universities-ch (Women)"]
[Site "Tehran"]
[Date "2020.12.01"]
[Round "5"]
[White "Salehimanesh, Ayda"]
[Black "Amirhekmati, Maryam"]
[Result "0-1"]
[WhiteElo "1529"]
[BlackElo "1642"]
[PlyCount "122"]
[EventDate "2020.11.30"]
[EventType "swiss (rapid)"]
[EventRounds "7"]
[EventCountry "IRI"]
[SourceTitle "CBM 199 Extra"]
[Source "ChessBase"]
[SourceDate "2021.01.31"]
[SourceVersion "1"]
[SourceVersionDate "2021.01.31"]
[SourceQuality "1"]

1. Nf3 Nf6 2. d4 d6 3. c4 g6 4. Nc3 Bg7 5. e4 0-0 6. Bd3 e5 7. dxe5 dxe5 8. 0-0 Nbd7 9. Bg5 h6 10. Be3 c6 11. Qd2 Kh7 12. h3 Qe7 13. a3 Nc5 14. Qc2 Nxd3 15. Qxd3 Rd8 16. Qe2 Nd7 17. Rad1 Nf8 18. Rxd8 Qxd8 19. Rd1 Qe7 20. b4 Ne6 21. Qd2 a5 22. bxa5 Nf4 23. Bb6 Be6 24. c5 Qf6 25. Bd8 Nxh3+ 26. Kh1 Qf4 27. Qxf4 Nxf4 28. g3 Nh5 29. Bb6 Bg4 30. Kg2 Nf6 31. Rd3 h5 32. Nxe5 Be6 33. Nf3 Ng4 34. Ng5+ Kh6 35. Nxe6 fxe6 36. f3 Ne5 37. Re3 Nc4 38. Rd3 Nb2 39. Re3 Nc4 40. Rd3 Nxb6 41. cxb6 Rxa5 42. Ne2 Rb5 43. Nd4 Bxd4 44. Rxd4 Rxb6 45. Rd6 e5 46. Re6 Rb2+ 47. Kh3 Rb3 48. Rxe5 Rxa3 49. f4 Re3 50. Re7 b5 51. e5 b4 52. e6 b3 53. Kh4 c5 54. g4 hxg4 55. Kxg4 c4 56. f5 gxf5+ 57. Kxf5 b2 58. Rb7 c3 59. Kf4 Rxe6 60. Kf5 Rg6 61. Ke4 c2 0-1

[Event "Tehran Universities-ch (Women)"]
[Site "Tehran"]
[Date "2020.11.30"]
[Round "1"]
[White "Azali, Tannaz"]
[Black "Salehimanesh, Ayda"]
[Result "1-0"]
[WhiteElo "1766"]
[BlackElo "1529"]
[PlyCount "63"]
[EventDate "2020.11.30"]
[EventType "swiss (rapid)"]
[EventRounds "7"]
[EventCountry "IRI"]
[SourceTitle "CBM 199 Extra"]
[Source "ChessBase"]
[SourceDate "2021.01.31"]
[SourceVersion "1"]
[SourceVersionDate "2021.01.31"]
[SourceQuality "1"]

1. d4 Nf6 2. c4 e6 3. Nc3 b6 4. e4 Bb7 5. Bd3 Bb4 6. Qc2 Bxc3+ 7. bxc3 d5 8. cxd5 exd5 9. e5 Ne4 10. f3 Qh4+ 11. g3 Nxg3 12. Qf2 Nf5 13. Bxf5 Qe7 14. Ne2 Nd7 15. a4 0-0-0 16. Rg1 g6 17. Bg5 Qf8 18. Bxd8 Qxd8 19. Bxd7+ Qxd7 20. Qg3 c5 21. Qg4 cxd4 22. Qxd7+ Kxd7 23. cxd4 Rc8 24. Rc1 Bc6 25. Kd2 Rf8 26. Nc3 f6 27. f4 fxe5 28. fxe5 Rf2+ 29. Ke3 Rb2 30. Rgf1 Ke6 31. Rf6+ Kd7 32. Rf7+ 1-0

[Event "Asia-ch U12 Girls"]
[Site "Hikkaduwa"]
[Date "2012.06.27"]
[Round "4.5"]
[White "Salehimanesh, Ayda"]
[Black "Gankhuyag, Uchiral"]
[Result "0-1"]
[WhiteElo "1515"]
[BlackElo "1564"]
[PlyCount "106"]
[EventDate "2012.06.26"]
[EventType "swiss"]
[EventRounds "9"]
[EventCountry "SRI"]
[SourceTitle "EXT 2024"]
[Source "ChessBase"]
[SourceDate "2023.10.10"]
[SourceVersion "1"]
[SourceVersionDate "2023.10.10"]
[SourceQuality "1"]

1. e4 c5 2. Nf3 Nc6 3. Bb5 d6 4. d4 cxd4 5. Qxd4 Bd7 6. Bxc6 Bxc6 7. Nc3 Nf6 8. Bg5 e5 9. Qd3 Be7 10. 0-0-0 Ng4 11. Bxe7 Qxe7 12. Rd2 0-0-0 13. h3 Nf6 14. Qe3 Kb8 15. g4 Ne8 16. Rhd1 Nc7 17. Rd3 Ne6 18. Ne1 h5 19. f3 Nf4 20. R3d2 Nxh3 21. gxh5 Rxh5 22. Ne2 g6 23. Ng3 Rhh8 24. Qa3 Nf4 25. Nf1 Rd7 26. Ne3 Rhd8 27. Nc4 d5 28. Qxe7 Rxe7 29. exd5 Rxd5 30. Rxd5 Bxd5 31. b3 f5 32. Ne3 Bc6 33. Rd6 Re6 34. Rd8+ Kc7 35. Rd1 Ne2+ 36. Kb2 Nd4 37. Rd3 Nxf3 38. Nxf3 Bxf3 39. Nxf5 gxf5 40. Rxf3 f4 41. Kc1 Rd6 42. Rd3 Rxd3 43. cxd3 Kd6 44. Kd2 Kd5 45. Kc3 f3 46. Kd2 Kd4 47. a3 a5 48. b4 axb4 49. axb4 b5 50. Ke1 Kxd3 51. Kf2 e4 52. Kf1 e3 53. Ke1 f2+ 0-1